• 首页
  • 本馆介绍
  • 公告通知
  • 最新文献
  • 馆藏检索
  • 电子资源
  • 读者导购
  • 参考咨询
  • 我的图书馆
  • 登录
  • 期刊详细显示
  • 现刊情况显示
  • 合订本情况显示
  • 篇目信息显示

期刊信息

  • 表格格式
  • 工作单格式
  • 卡片格式
索取号 
TP3/ACM
题名 
ACM Computing Surveys
作者 
分册号 
分册名 
出版地 
出版者 
标准刊号 
0360-0300
出版频率 
季刊
中图法分类 
TP3
主题词 
计算技术; 电子计算机
电子资源 
000 00443nas0 2200181 45
001 0637703422
005 20110901170434.96
011    @a0360-0300@dCNY1838.00(2010)
100    @a20060227d km y0chiy0120 ea
101 0  @aeng
200 1  @aACM Computing Surveys
300    @aTechnology Architecture for the 21st.
326    @a季刊
606 0  @a计算技术
606 0  @a电子计算机
690    @aTP3@v4
801  0 @aCN@bPFT@c20110901
905    @dTP3@eACM
    
    ACM Computing Surveys
    
    Technology Architecture for the 21st.
    
    ISSN 0360-0300:CNY1838.00(2010)
    
●
相关链接: 在易读查询期刊 在中国知网中查询期刊 在万方数据查询期刊 在维普查询期刊
唐山师范学院图书馆 欢迎您!
大连网信软件有限公司© 版权所有